Význam zavádzania systému manažérstva kvality v organizácii
Uplatňovanie manažérstva kvality v organizácii znamená vyvíjať, navrhovať, vyrábať produkty, ktoré sú maximálne hospodárne, užitočné a uspokojujú spotrebiteľa. Normy ISO 9000:2000 sa orientujú na vytvorenie takých podmienok, ktoré využívajú iniciatívu, tvorivé schopnosti, zručnosti, zodpovednosti vš...
Salvato in:
| Autore principale: | |
|---|---|
| Altri autori: | |
| Natura: | Capitolo di libro |
| Lingua: | slovacco |
| Soggetti: | |
| Tags: |
Nessun Tag, puoi essere il primo ad aggiungerne!!
|
MARC
| LEADER | 00000naa$a2200000$$$4500 | ||
|---|---|---|---|
| 001 | 0045888 | ||
| 005 | 20240502071530.9 | ||
| 041 | 0 | |a slo | |
| 044 | |a SK | ||
| 245 | 1 | 0 | |a Význam zavádzania systému manažérstva kvality v organizácii |c Marta Karkalíková, Alica Lacková |
| 520 | |a Uplatňovanie manažérstva kvality v organizácii znamená vyvíjať, navrhovať, vyrábať produkty, ktoré sú maximálne hospodárne, užitočné a uspokojujú spotrebiteľa. Normy ISO 9000:2000 sa orientujú na vytvorenie takých podmienok, ktoré využívajú iniciatívu, tvorivé schopnosti, zručnosti, zodpovednosti všetkých pracovníkov organizácie Kvalita sa stala vo veľkých, stredných a malých podnikoch základom konkurenčnej schopnosti organizácie. Systémy manažérstva kvality v praxi a význam jeho zavádzania. | ||
| 610 | 2 | 0 | |a kvalita |
| 610 | 2 | 0 | |a normy ISO |
| 610 | 2 | 0 | |a riadenie kvality |
| 610 | 2 | 0 | |a zákazníci |
| 610 | 2 | 0 | |a spokojnosť zákazníkov |
| 100 | 1 | |a Karkalíková, Marta | |
| 700 | 1 | |a Lacková, Alica | |